| 000 | 01573nam0a22003371 4500 | ||
|---|---|---|---|
| 001 | RU\NLR\INFOCOMM_195\5000054794 | ||
| 005 | 20250613093620.0 | ||
| 035 | _a(NLR Aleph) 009213159 | ||
| 090 |
_a8761205 _c8761205 |
||
| 100 | _a20100517d1990 |||y0rusy50 ca | ||
| 101 | 0 |
_aeng _drus |
|
| 102 | _aRU | ||
| 105 | _aa ||||000|y | ||
| 200 | 1 |
_aA comparison of the structure functions F₂ of the proton and the neutron from deep inelastic muon scattering at high Q₂ _eBCDMS collab. _f[A. C. Benvenuti, D. Bollini, G. Bruni et al.] |
|
| 210 |
_aДубна _cОбъед. ин-т ядер. исслед. _d1990 |
||
| 215 |
_a8 с. _cграф. _d21 см |
||
| 225 | 1 |
_aОбъединенный институт ядерных исследований, Дубна _vЕ1-90-285 |
|
| 300 | _aНа 3-й с. обл.: Сравнение структурных функций F₂, полученных в глубоконеупругом рассеянии мюонов на протонах и нейтронах при высоких Q₂ / Бенвенути А. С. и др. | ||
| 300 | _aРез. на рус. яз. | ||
| 300 | _a"Submitted to "Zeitschrift fir Physik B: Condensed matter" | ||
| 320 | _aБиблиогр.: с. 8 | ||
| 606 |
_aЧастицы (физ.) _xСтруктурные функции _2nlr_sh1 |
||
| 686 |
_aВ382.145 _2rubbk |
||
| 701 | 1 |
_aBenvenuti _bA. C. _4070 |
|
| 701 | 1 |
_aBollini _bD. _4070 |
|
| 701 | 1 |
_aBruni _bG. _4070 |
|
| 801 | 1 |
_aRU _bNLR _c20100517 |
|
| 801 | 0 |
_aRU _bNLR _gPSBO |
|
| 852 |
_aNLR _jФз01 Д-4/6023 |
||
| 942 | _cBOOK | ||
| 980 | _aNB | ||